| 000 | 00000nam##2200000za#4500 |
| 001 | 9.571410 |
| 003 | CaOODSP |
| 005 | 20240527135426 |
| 007 | cr ||||||||||| |
| 008 | 150406|1999||||xxc|||||o f|0| 0 eng|d |
| 040 | |aCaOODSP|beng |
| 043 | |an-cn--- |
| 086 | 1 |aCW69-10/1999-1E-PDF |
| 110 | 2 |aCanadian Wildlife Service. |
| 245 | 10|aWetlands and government : |h[electronic resource]|bpolicy and legislation for wetland conservation in Canada / |cby Pauline Lynch-Stewart, Ingrid Kessel-Taylor, Clayton Rubec. |
| 260 | |aOttawa - Ontario : |bEnvironment Canada. |c1999. |
| 300 | |a67p.|bglossary, illus., references, tables |
| 490 | 1 |aSustaining wetlands issues paper|vNo. 1999-1 |
| 500 | |aThe catalogue number (CW69-10/1999-1E) and ISBN (0-662-27510-1) for the print edition have been incorrectly copied in this electronic publication. |
| 590 | |a12-04-Supp|b2012-02-20 |
| 690 | 07|aEnvironmental conservation|2gcpds |
| 690 | 07|aGovernment policy|2gcpds |
| 690 | 07|aWetlands|2gcpds |
| 720 | 1 |aRubec, Clayton |
| 720 | 1 |aLynch-Stewart, Pauline |
| 720 | 1 |aKessel-Taylor, Ingrid |
| 775 | 08|tTerres humides et le gouvernement : |w(CaOODSP)9.602021 |
| 830 | #0|aSustaining wetlands issues paper ;|vNo. 1999-1|w(CaOODSP)9.504748 |
| 856 | 40|ahttp://publications.gc.ca|qPDF|s1.10 MB|uhttps://publications.gc.ca/collections/Collection/CW69-10-1999-1E.pdf|yNo. 1999-1 |